| 000 | 01352nam a2200241Ia 4500 | ||
|---|---|---|---|
| 003 | Ost | ||
| 005 | 20260507075122.0 | ||
| 008 | 260507s9999||||xx |||||||||||||| ||und|| | ||
| 040 | _cfsecg | ||
| 041 | _aara | ||
| 082 | _a300 | ||
| 100 |
_aأبو زينة، فريد _eمؤلف |
||
| 245 | 0 |
_aطرق البحث النوعي / _c فريد أبو زينة |
|
| 260 |
_aعمان: _bدار المسيرة, _c2005 |
||
| 300 |
_a415 صفحة؛ _bإيضاحات ؛ _c24 سم |
||
| 490 | _aمناهج البحث العلمي | ||
| 520 | _aالبحث العلمي ووظائفه-مدخل إلى البحث النوعي-المعاينة وجمع البيانات-تصميم البحث النوعي-العمل الميداني ودور الباحث-الصدق والموضوعية في البحث العلمي-جمع البيانات النوعية(1)الملاحظة الميدانية-جمع البيانات النوعية(2)المقابلة المعمقة-تحليل البيانات النوعية-البحث والتحليل-إعداد مخطط البحث-البحث الإجرائي-إعداد تقرير البحث النوعي-البحث النوعي في القانون | ||
| 653 | _aأساليب البحث | ||
| 653 | _aالأبحاث | ||
| 653 | _aالبحث الميداني | ||
| 653 | _aالتفكير المبدع | ||
| 942 | _cكتاب | ||
| 999 |
_c43091 _d43091 |
||